Top 50 Most Corrupt Countries - Statistics

General Stats
  • This quiz has been taken 3,314 times
  • The average score is 33 of 50
Answer Stats
Score Country % Correct
30 Russia
88%
23 Iraq
86%
25 Iran
85%
19 DR Congo
83%
16 Afghanistan
82%
23 Nigeria
82%
16 North Korea
81%
20 Sudan
81%
13 Somalia
80%
13 Syria
80%
28 Pakistan
79%
14 Venezuela
78%
13 South Sudan
77%
16 Yemen
77%
20 Chad
76%
17 Libya
75%
21 Congo
74%
29 Mali
73%
25 Central African Republic
69%
29 Angola
66%
22 Eritrea
66%
30 Kenya
66%
23 Zimbabwe
66%
25 Guinea
65%
28 Myanmar
65%
19 Turkmenistan
65%
27 Uganda
65%
28 Mauritania
64%
25 Mozambique
64%
20 Haiti
63%
25 Tajikistan
63%
28 Uzbekistan
63%
29 Laos
62%
19 Burundi
60%
27 Kyrgyzstan
60%
24 Lebanon
60%
30 Togo
60%
27 Cameroon
59%
30 Ukraine
59%
21 Guinea-Bissau
58%
29 Liberia
58%
23 Cambodia
57%
24 Honduras
56%
20 Nicaragua
56%
26 Bangladesh
55%
26 Guatemala
52%
26 Madagascar
52%
17 Equatorial Guinea
51%
30 Azerbaijan
49%
20 Comoros
37%
No matching quizzes found
Score Distribution
Percent of People with Each Score
Percentile by Number Answered
Your Score History
You have not taken this quiz